000 00429nam a2200157 4500
001 132807
003 ES-MaACL
005 20230906194244.0
007 t|
008 070214s1925 uy r ||||1| spa d
100 1 _aEdnesor, Siul.
_946650
245 1 0 _aApuntes para el hispano-americanismo /
_cSiul Ednesor.
260 _aMontevideo :
_b[s.n.],
_c1925.
300 _a123 p. ;
_c18 cm.
852 _aES-MaACL
_j1681-F-17
_bR.4996
999 _c132807
_d132807